| 000 | 00406nam a2200157 4500 | ||
|---|---|---|---|
| 001 | 46059 | ||
| 090 | _a46059 | ||
| 100 | _a20260428 pory50 | ||
| 101 | _apor | ||
| 102 | _aPT | ||
| 200 |
_aA Olaria em Elvas _dIn revista Portugália II _fA. Tomás Pires |
||
| 210 |
_a[Não identificado] _c[Não identificado] _d1905-1908 |
||
| 215 | _a274-277 p. | ||
| 675 | _a738(469) | ||
| 801 |
_aPT _gRPC |
||
| 990 | _cPERIODICOS | ||